Political science
Kaydedildi:
| Yazar: | |
|---|---|
| Materyal Türü: | Kitap |
| Dil: | Undetermined |
| Baskı/Yayın Bilgisi: |
Boston
Ginn and company
1933
|
| Konular: | |
| Etiketler: |
Etiketle
Etiket eklenmemiş, İlk siz ekleyin!
|
| Thư viện lưu trữ: | Trung tâm Học liệu Trường Đại học Cần Thơ |
|---|
| LEADER | 00475nam a2200181Ia 4500 | ||
|---|---|---|---|
| 001 | CTU_78313 | ||
| 008 | 210402s9999 xx 000 0 und d | ||
| 082 | |a 320 | ||
| 082 | |b G394 | ||
| 100 | |a Gettell, Raymond Garfield | ||
| 245 | 0 | |a Political science | |
| 245 | 0 | |c Raymond Garfield Gettell | |
| 260 | |a Boston | ||
| 260 | |b Ginn and company | ||
| 260 | |c 1933 | ||
| 650 | |a Political science | ||
| 904 | |i Năm | ||
| 980 | |a Trung tâm Học liệu Trường Đại học Cần Thơ | ||